| 000 | 00902cam a22002655a 4500 | ||
|---|---|---|---|
| 001 | 14752378 | ||
| 005 | 20151117143453.0 | ||
| 008 | 070228t2007 enka frb 001 0 eng d | ||
| 020 | _a9781405119641 (pbk. : alk. paper) | ||
| 020 | _a1405119640 (pbk. : alk. paper) | ||
| 040 |
_aDLC _cDLC _dEG-ScBUE _beng |
||
| 082 | 0 | 4 |
_a636.089696 _222 _bTAY |
| 100 | 1 |
_aTaylor, M. A. _q(Mike A.) _938768 |
|
| 245 | 1 | 0 |
_aVeterinary parasitology / _cM. A. Taylor, R. L. Coop, R. L. Wall. |
| 250 | _a3rd ed. | ||
| 260 |
_aOxford ; _aAmes ; _aVictoria : _bBlackwell Publishing, _cc.2007. |
||
| 300 |
_axxvi, 874 p. : _bill. (some col.) ; _c25 cm. |
||
| 500 | _aIndex : p. 851-874. | ||
| 504 | _aBibliography : p. 849-850. | ||
| 650 | 0 |
_aVeterinary parasitology. _2BUEsh |
|
| 653 |
_bPPhrm _cSeptember2015 _cNovember2015 |
||
| 700 | 1 | _aCoop, R. L. | |
| 700 | 1 |
_aWall, Richard, _cPh. D. |
|
| 942 |
_2ddc _k636.089696 TAY |
||
| 999 |
_c20835 _d20807 |
||